00810nam a2200181 a 450000100100000000500170001000800410002704000250006808200140009324500550010726000620016230000260022459000250025095201120027595201120038795201120049999900170061100004780720201002060741.0180810s2004 dr a 000 spa d aDO-SdBNPbspacBNPHU axxxbG924 0aGuerra de abril 1965 :b50 aniversario abril 1965. aSanto Domingo :bArchivo General de la Nación,c[s.f.]. a36 p. :bil ;c19 cm. aInventariado,2018/DG 0010718PDaGRbGRcHDd2018-08-10iLF1l0oxxx G924p47807-30r2020-06-25w2020-06-25yLFPDZNo se presta 0010718PDaPDbPDcHDd2018-08-10iLF1l0oxxx G924p47807-10r2020-06-25w2020-06-25yLFPDZNo se presta 0010718PDaPDbPDcHDd2018-08-10iLF1l0oxxx G924p47807-20r2020-06-25w2020-06-25yLFPDZNo se presta c47295d47295